| 000 | 00724nam a2200241 i 4500 | ||
|---|---|---|---|
| 001 | 135690 | ||
| 003 | ES-MaACL | ||
| 005 | 20250829112202.0 | ||
| 007 | t| | ||
| 008 | 070214s1972 sp r ||||1| spa d | ||
| 100 | 1 |
_aRothé, Jean-P. _999967 |
|
| 245 | 1 | 0 |
_aSeísmos y volcanes / _cJean-P. Rothé ; versión de Alexandre Ferrer. |
| 250 | _a1ª ed. | ||
| 260 |
_aVilassar de Mar (Barcelona) : _bOikos Tau, _c1972. |
||
| 300 |
_a118 p. ; _c18 cm. |
||
| 490 | 1 |
_aColección ¿qué sé? ; _v73 |
|
| 650 | 7 |
_aVolcanes _2embne _917846 |
|
| 650 | 4 |
_aSismología. _9136881 |
|
| 700 | 1 |
_aFerrer, Alexandre. _950405 |
|
| 830 | 1 |
_a¿Qué sé? _v73 _9181382 |
|
| 852 |
_aES-MaACL _jC-44431 |
||
| 999 |
_c135690 _d135690 |
||